Memoria sobre las minas de Rio-Tinto presentada al Gobierno de S.M. con un atlas de diez láminas / (Record no. 23636)

MARC details
000 -LEADER
campo de control de longitud fija 01209nam a2200253 i 4500
001 - NÚMERO DE CONTROL
campo de control 23636
003 - IDENTIFICADOR DE NÚMERO DE CONTROL
campo de control ES-MaACL
005 - FECHA Y HORA DE LA ÚLTIMA TRANSACCIÓN
campo de control 20230906152917.0
007 - CAMPO FIJO DE DESCRIPCIÓN FÍSICA--INFORMACIÓN GENERAL
campo de control de longitud fija t|
008 - DATOS DE LONGITUD FIJA--INFORMACIÓN GENERAL
campo de control de longitud fija 021211s1856 sp ||||1| spa d
080 ## - NÚMERO DE LA CLASIFICACIÓN DECIMAL UNIVERSAL
Número de la Clasificación Decimal Universal 338.45(460.354 Minas de Riotinto):622
100 1# - ENTRADA PRINCIPAL--NOMBRE DE PERSONA
Nombre de persona Anciola, Antonio Luis de.
9 (RLIN) 21407
245 10 - MENCIÓN DEL TÍTULO
Título Memoria sobre las minas de Rio-Tinto presentada al Gobierno de S.M. con un atlas de diez láminas /
Mención de responsabilidad, etc. por Antonio L. Anciola y Eloy de Cossio.
260 ## - PUBLICACIÓN, DISTRIBUCIÓN, ETC.
Lugar de publicación, distribución, etc. Madrid :
Nombre del editor, distribuidor, etc. [s.n.],
Fecha de publicación, distribución, etc. 1856 (
Fabricante Imp. de Eusebio Aguado)
300 ## - DESCRIPCIÓN FÍSICA
Extensión 2 v. :
Otras características físicas planos ;
Dimensiones 23, 37 cm.
505 8# - NOTA DE CONTENIDO CON FORMATO
Nota de contenido con formato Contiene: [1. Sin título particular] (166 p.) -- [2.] Atlas (10 h. de lám.)
530 ## - NOTA DISPONIBLE DE FORMULARIO FÍSICO ADICIONAL
Nota de formato físico adicional disponible Disponible también en sitio web.
650 ## - PUNTO DE ACCESO ADICIONAL DE MATERIA--TÉRMINO DE MATERIA
Término de materia o nombre geográfico como elemento de entrada Minería-
Subdivisión geográfica Minas de Riotinto.
9 (RLIN) 15059
700 1# - ENTRADA AGREGADA--NOMBRE PERSONAL
Nombre de persona Cossío, Eloy de.
9 (RLIN) 41013
852 ## - LOCALIZACIÓN
Ubicación ES-MaACL
Número de control de estantería B-8307(2)
condición física . - Es el vol. 1: Memoria
852 ## - LOCALIZACIÓN
Ubicación ES-MaACL
Número de control de estantería T-1087-F-5
condición física . - Es el vol. 2: Atlas
Nota libre .- Legado de Federico de Botella y de Hornos
852 ## - LOCALIZACIÓN
Ubicación ES-MaACL
Número de control de estantería T-1292-F-8
condición física . - Es el vol. 1: Memoria
Nota libre .- Donativo Bosch
856 ## - LOCALIZACIÓN Y ACCESO ELECTRÓNICOS
Identificador Uniforme de Recursos <a href="http://bibliotecadigitalhispanica.bne.es:80/webclient/DeliveryManager?pid=1846503&custom_att_2=simple_viewer">http://bibliotecadigitalhispanica.bne.es:80/webclient/DeliveryManager?pid=1846503&custom_att_2=simple_viewer</a>
Nota pública Ir a la página
Holdings
Estatus retirado Estado de pérdida Estado de daño No para préstamo Colección Biblioteca de origen Biblioteca actual Ubicación en estantería Fecha de adquisición Fuente de adquisición Total de préstamos Signatura topográfica completa Código de barras Visto por última vez Precio de reemplazo Tipo de ítem Koha
        Colección de folletos Biblioteca del Ateneo de Madrid Biblioteca del Ateneo de Madrid Depósito folletos 17/01/2008     T-1292-F-8 1024357 23/02/2023 23/02/2023 Folleto
        Colección digital Biblioteca del Ateneo de Madrid Biblioteca del Ateneo de Madrid Sala Pardo Bazán 17/01/2008     B-8307(2) 1024355 23/02/2023 23/02/2023 Libro impreso antiguo
        Colección de folletos Biblioteca del Ateneo de Madrid Biblioteca del Ateneo de Madrid Depósito folletos 17/01/2008     T-1087-F-5 1024356 23/02/2023 23/02/2023 Folleto